Statistics for Football : Argentine players record transfers

Click here to take the quiz!

General Stats

  • This quiz has been taken 137 times
  • The average score is 16 of 20

Answer Stats

Season Position Player From To Transfer Fee % Correct
2013-2014FWGonzalo HiguainReal MadridNaples37M€
94%
2011-2012FWSergio AgüeroAtlético MadridManchester City45M€
93%
2009-2010FWCarlos TevezWest HamManchester City29M€
92%
2003-2004FWHernan CrespoInter MilanChelsea26M€
90%
2000-2001FWHernan CrespoParmaLazio55M€
90%
2002-2003FWHernan CrespoLazioInter Milan36M€
90%
2003-2004MDJuan Sebastian VeronManchester UnitedChelsea22,5M€
89%
1999-2000MDJuan Sebastian VeronParmaLazio30M€
89%
2001-2002MDJuan Sebastian VeronLazioManchester United42,6M€
89%
2010-2011FWAngel Di MariaBenficaReal Madrid33M€
84%
2008-2009MDJavier MascheranoWest HamLiverpool22,5M€
83%
2011-2012MDJavier PastorePalermoPSG42M€
79%
2013-2014MDErik LamelaAS RomaTottenham30M€
77%
2012-2013FWEzequiel LavezziNaplesPSG28,95M€
76%
2001-2002FWGabriel BatistutaFiorentinaAS Roma32,5M€
73%
2009-2010FWLisandro LopezFC PortoLyon24M€
66%
2001-2002FWJavier SaviolaRiver PlateFC Barcelona35,9M€
63%
2000-2001FWClaudio LopezFC ValenciaLazio23M€
63%
2009-2010FWDiego MilitoGenoaInter Milan25M€
59%
2004-2005DFWalter SamuelAS RomaReal Madrid23M€
46%

Score Distribution

Percentile by Number Answered

Percent of People with Each Score

Your Score History

You have not taken this quiz